Of eloquence; (Record no. 129461)
[ view plain ]
| 000 -LEADER | |
|---|---|
| fixed length control field | 00897cam a2200265 4500 |
| 001 - CONTROL NUMBER | |
| control field | 4533766 |
| 003 - CONTROL NUMBER IDENTIFIER | |
| control field | ARRUPE |
| 005 - DATE AND TIME OF LATEST TRANSACTION | |
| control field | 20190426143856.0 |
| 008 - FIXED-LENGTH DATA ELEMENTS--GENERAL INFORMATION | |
| fixed length control field | 701231s1970 nyuac b 001 0 eng |
| 010 ## - LIBRARY OF CONGRESS CONTROL NUMBER | |
| LC control number | 66024262 |
| 020 ## - INTERNATIONAL STANDARD BOOK NUMBER | |
| International Standard Book Number | 080140486X |
| 040 ## - CATALOGING SOURCE | |
| Original cataloging agency | DLC |
| Transcribing agency | DLC |
| Modifying agency | DLC |
| 043 ## - GEOGRAPHIC AREA CODE | |
| Geographic area code | e------ |
| -- | ff----- |
| -- | aw----- |
| 050 00 - LIBRARY OF CONGRESS CALL NUMBER | |
| Classification number | PA6083 |
| Item number | .C3 |
| 082 00 - DEWEY DECIMAL CLASSIFICATION NUMBER | |
| Classification number | 808.51/09/01 |
| 300 ## - PHYSICAL DESCRIPTION | |
| Other physical details | illus., port. |
| Dimensions | 23 cm. |
| 100 1# - MAIN ENTRY--PERSONAL NAME | |
| Personal name | Caplan, Harry, |
| Dates associated with a name | 1896-1980. |
| 9 (RLIN) | 45986 |
| 245 10 - TITLE STATEMENT | |
| Title | Of eloquence; |
| Remainder of title | studies in ancient and mediaeval rhetoric. |
| Statement of responsibility, etc | Edited and with an introd. by Anne King and Helen North. |
| 260 ## - PUBLICATION, DISTRIBUTION, ETC. (IMPRINT) | |
| Place of publication, distribution, etc | Ithaca, [N.Y.] |
| Name of publisher, distributor, etc | Cornell University Press |
| Date of publication, distribution, etc | [1970] |
| 300 ## - PHYSICAL DESCRIPTION | |
| Extent | xiii, 289 p. |
| 350 ## - PRICE (NR) (BK AM CF MU VM SE) [OBSOLETE] | |
| Price | $8.50 |
| 504 ## - BIBLIOGRAPHY, ETC. NOTE | |
| Bibliography, etc | Bibliography: p. 271-276. |
| 650 #0 - SUBJECT ADDED ENTRY--TOPICAL TERM | |
| Topical term or geographic name as entry element | Rhetoric, Ancient. |
| 9 (RLIN) | 19852 |
| 650 #0 - SUBJECT ADDED ENTRY--TOPICAL TERM | |
| Topical term or geographic name as entry element | Rhetoric, Medieval. |
| 9 (RLIN) | 45987 |
| 700 ## - ADDED ENTRY--PERSONAL NAME | |
| Personal name | King, Anne |
| Relator term | ed. |
| 9 (RLIN) | 46041 |
| 700 ## - ADDED ENTRY--PERSONAL NAME | |
| Personal name | North, Helen |
| Relator term | ed. |
| 9 (RLIN) | 46042 |
| 906 ## - LOCAL DATA ELEMENT F, LDF (RLIN) | |
| a | 7 |
| b | cbc |
| c | orignew |
| d | 2 |
| e | ncip |
| f | 19 |
| g | y-gencatlg |
| 942 ## - ADDED ENTRY ELEMENTS (KOHA) | |
| Source of classification or shelving scheme | Library of Congress Classification |
| Koha item type | Monograph ( Printed materials) |
| Withdrawn status | Lost status | Source of classification or shelving scheme | Damaged status | Not for loan | Collection code | Home library | Current library | Shelving location | Date acquired | Total Checkouts | Full call number | Barcode | Date last seen | Price effective from | Koha item type |
|---|---|---|---|---|---|---|---|---|---|---|---|---|---|---|---|
| Library of Congress Classification | Main Collection | ARRUPE LIBRARY | ARRUPE LIBRARY | Main Collection | 25/04/2019 | PA6083 .C3 | 46600004566 | 25/04/2019 | 25/04/2019 | Monograph ( Printed materials) |